Informace o některých aspektech systému financování sociálního zabezpečení ve Francii

Stručná charakteristika celkového systému sociálního zabezpečení a podpory v nezamestnanosti vo Francúzsku. Systém prepojenia účtovníctva a peňažných tokov vo vnútri sústavy. Niektoré finančné ozdravné opatrenia v systéme financovania sociálnej ochrany ako celku. Ďalšie smery dosahovania finančnej r...

Descripción completa

Guardado en:
Detalles Bibliográficos
Autor principal: Fuchsová, J.
Otros Autores: Láníková, M.
Formato: Capítulo de libro
Lenguaje:checo
Materias:
Etiquetas: Agregar Etiqueta
Sin Etiquetas, Sea el primero en etiquetar este registro!

MARC

LEADER 00000naa a2200000 4500
001 r022339
005 20230922091252.8
041 0 |a cze 
044 |a CZ 
245 1 0 |a Informace o některých aspektech systému financování sociálního zabezpečení ve Francii  |c J. Fuchsová, M. Láníková 
520 |a Stručná charakteristika celkového systému sociálního zabezpečení a podpory v nezamestnanosti vo Francúzsku. Systém prepojenia účtovníctva a peňažných tokov vo vnútri sústavy. Niektoré finančné ozdravné opatrenia v systéme financovania sociálnej ochrany ako celku. Ďalšie smery dosahovania finančnej rovnováhy v systéme sociálnej ochrany ako celku. 
610 2 0 |a zabezpečenie sociálne 
610 2 0 |a financovanie 
610 2 0 |a Francúzsko 
610 2 0 |a podpory v nezamestnanosti 
610 2 0 |a účtovníctvo 
610 2 0 |a ochrana sociálna 
100 1 |a Fuchsová, J. 
700 1 |a Láníková, M.